Ninth Texas symposium on relativistic astrophysics (Record no. 6623)

MARC details
000 -LEADER
fixed length control field 00687nam a2200205Ia 4500
003 - CONTROL NUMBER IDENTIFIER
control field IN-BaIIA
008 - FIXED-LENGTH DATA ELEMENTS--GENERAL INFORMATION
fixed length control field 211028s9999 xx 000 0 eng d
020 ## - INTERNATIONAL STANDARD BOOK NUMBER
International Standard Book Number 0-89766-045-5
040 ## - CATALOGING SOURCE
Transcribing agency IIA Library
080 ## - UNIVERSAL DECIMAL CLASSIFICATION NUMBER
Universal Decimal Classification number 524(082.2)
Item number TSR-9
245 #0 - TITLE STATEMENT
Title Ninth Texas symposium on relativistic astrophysics
Statement of responsibility, etc. edited by Jürgen Ehlers, Judith J. Perry, and Martin Walker.
260 ## - PUBLICATION, DISTRIBUTION, ETC.
Place of publication, distribution, etc. New York
Name of publisher, distributor, etc. New York Academy of Sciences
Date of publication, distribution, etc. 1980
300 ## - PHYSICAL DESCRIPTION
Extent v, 599p.
650 ## - SUBJECT ADDED ENTRY--TOPICAL TERM
Topical term or geographic name entry element Astronomy and Astrophysics Thesaurus
650 ## - SUBJECT ADDED ENTRY--TOPICAL TERM
Topical term or geographic name entry element Relativistic Astrophysics
9 (RLIN) 6801
700 ## - ADDED ENTRY--PERSONAL NAME
Personal name Ehlers, Jurgen., ed.
9 (RLIN) 11339
700 ## - ADDED ENTRY--PERSONAL NAME
Personal name Perry, Judith J., ed.
9 (RLIN) 11340
700 ## - ADDED ENTRY--PERSONAL NAME
Personal name Walker, Martin, ed.
9 (RLIN) 11341
942 ## - ADDED ENTRY ELEMENTS (KOHA)
Koha item type Books
Holdings
Withdrawn status Lost status Damaged status Not for loan Home library Current library Shelving location Date acquired Total Checkouts Full call number Barcode Date last seen Price effective from Koha item type Purchase Price
        IIA Library-Bangalore IIA Library-Bangalore General Stacks 07/10/1980   524(082.2)/ TSR-9 7365 05/11/2021 07/10/1980 Books 107

Powered by Koha